000
00302nam a2200133 a 4500
001
4283
003
CDMR
005
20130116135254.0
008
130130s1980||||||||||||||||||||||||||||d
040
_a
CDMR
_b
cat
_c
CPC GIRONA
245
0
_a
Curso de técnicas de expresión
260
_c
1980
_b
Vox
942
_c
MON
999
_c
4283
_d
4283